| 000 | 00436nam a22001577a 4500 | ||
|---|---|---|---|
| 999 |
_c23217 _d23217 |
||
| 003 | NUST | ||
| 020 | _a0122138155 | ||
| 038 | _aNusrat Nadeem | ||
| 082 | _a615.19DEV | ||
| 100 |
_aJ.Devillers _921380 |
||
| 245 |
_aPrinciples of QSAR & Drug Design Neural Networks in QSAR & Drug Design _cDevillers .J |
||
| 260 |
_aLondon _bAcademic Press _c1996 |
||
| 300 |
_a284 _bHB |
||
| 538 | _iBioinformatics Lab (Photocopy Book) | ||
| 942 |
_cBK _2ddc |
||